Statistics for Impractical Jokers Multiple Choice

Click here to take the quiz!

General Stats

  • This quiz has been taken 40 times
  • The average score is 13 of 15

Answer Stats

QuestionAnswer% Correct
Which Joker is afraid of cats?Sal
97%
Which joker had to skydive as a punishment?Murr
92%
Which joker had to be injected with novocaine and then give a presentation on foods from around the world?Murr
92%
Which joker loves cats and owns three?Q
89%
Which joker had to paint red X's on children's paintings in an art class?Q
87%
Which joker had to jump onto tables at a crowded restaurant?Joe
84%
Which TWO jokers had to try to get high fives in public, but whenever they were rejected, they took off a piece of clothing, until one of them was naked?Murr and Joe
84%
Which joker had to stand on top of a moving tram in a superhero costume?Joe
82%
Which Joker had to take a lie detector test in front of their high school class?Murr
82%
Which joker is afraid of spiders, specifically tarantulas?Q
82%
Which THREE jokers had to get tattoos as a punishment?Q, Sal, and Murr
82%
Which two jokers had to perform in an opening band for an Imagine Dragons concert?Sal and Joe
82%
Which two jokers had to call different people, trying to sell a piece of jewelry in a room that progressively got warmer?Q and Sal
79%
Which joker had to constantly yell "BINGO" at a bingo game?Sal
79%
Which joker, as a punishment, had to do impolite things to strangers in a park while being unable to apologize?Sal
79%

Score Distribution

Percentile by Number Answered

Percent of People with Each Score

Your Score History

You have not taken this quiz